Centrum vodných športov

Na minha lista:
Detalhes bibliográficos
Autor principal: Šinský, Adam (Author)
Outros Autores: Nádaská, Zuzana (Thesis advisor)
Formato: Manuscrito Livro
Idioma:eslovaco
Publicado em: 2017
Assuntos:
Acesso em linha:http://is.stuba.sk/zp/portal_zp.pl?podrobnosti=124327
https://opac.crzp.sk/?fn=detailBiblioForm&sid=B0ECE52FE577B8B953C267E96922
Tags: Adicionar Tag
Sem tags, seja o primeiro a adicionar uma tag!

MARC

LEADER 00000ntm a22000003a 4500
001 stuzp55847
003 SK-STU
005 20230609115445.8
007 ta
008 150427s2015----xo-----f-mn---000-0-slo-d
040 |a STU  |b slo 
041 0 |a slo 
100 1 |a Šinský, Adam  |u 010310  |4 aut  |U SvF Stavebná fakulta  |T SvF Katedra architektúry  |X 9976  |U V181|V310  |Y 19  |7 9976 
242 0 1 |a Water Sports Center  |y eng 
245 1 0 |a Centrum vodných športov 
260 |c 2017 
650 4 |a Veslovanie  |2 slo 
650 4 |a Nízkoenergetický koncept  |2 slo 
650 4 |a Výhľady  |2 slo 
650 4 |a Dunaj  |2 slo 
650 4 |a Rowing  |2 eng 
650 4 |a Danube  |2 eng 
650 4 |a Low-energy concept  |2 eng 
650 4 |a Views  |2 eng 
700 1 |a Nádaská, Zuzana  |u 010310  |k Z1  |4 ths  |U SvF Stavebná fakulta  |T SvF Katedra architektúry  |X 790  |U V181|V310  |Y 19  |7 A000000790 
856 4 |u http://is.stuba.sk/zp/portal_zp.pl?podrobnosti=124327 
856 4 |u https://opac.crzp.sk/?fn=detailBiblioForm&sid=B0ECE52FE577B8B953C267E96922